|
|
|
|
| LEADER |
00000nam0a2200000 4500 |
| 001 |
7778 |
| 005 |
20231101204548.0 |
| 010 |
|
|
|a 5703008476
|
| 035 |
|
|
|a (RuTPU)RU\TPU\book\7823
|
| 035 |
|
|
|a BOOK00007882
|
| 090 |
|
|
|a 7778
|
| 100 |
|
|
|a 20011209d1997 km y0rusy50 ca
|
| 101 |
0 |
|
|a rus
|
| 102 |
|
|
|a RU
|
| 105 |
|
|
|a a g 000zy
|
| 200 |
1 |
|
|a Предварительные усилители низкой частоты, регуляторы громкости и тембра, усилители индикации
|e справочник
|f сост. Е. Ф. Турута
|
| 210 |
|
|
|a Москва
|c Патриот
|d 1997
|
| 215 |
|
|
|a 188 с.
|c ил
|
| 225 |
1 |
|
|a TURUTA
|
| 606 |
1 |
|
|a Усилители низкой частоты
|2 stltpush
|3 (RuTPU)RU\TPU\subj\72460
|9 85971
|
| 606 |
1 |
|
|a Радиотехнические устройства
|x Регулирование
|2 stltpush
|3 (RuTPU)RU\TPU\subj\23272
|9 47895
|
| 610 |
1 |
|
|a интегральные микросхемы
|
| 610 |
1 |
|
|a регуляторы громкости
|
| 610 |
1 |
|
|a регуляторы тембра
|
| 610 |
1 |
|
|a усилители индикации
|
| 610 |
1 |
|
|a справочники
|
| 675 |
|
|
|a 621.375.4.049(035)
|v 3
|
| 675 |
|
|
|a 621.396.662(035)
|v 3
|
| 702 |
|
1 |
|a Турута
|b Е. Ф.
|4 220
|
| 801 |
|
0 |
|a RU
|b 63413507
|c 20011209
|g PSBO
|
| 801 |
|
2 |
|a RU
|b 63413507
|c 20130419
|g PSBO
|
| 942 |
|
|
|c BK
|